Práce na elektrických zřízeních a jejích obsluha Ověřování odborné způsobilosti

Gespeichert in:
Bibliographische Detailangaben
1. Verfasser: Sajner, Jiří
Format: Buch
Sprache:Tschechisch
Veröffentlicht: Praha Stát. nakl. techn. lit. 1987
Ausgabe:1. vyd.
Schriftenreihe:Praktické elektrotechnické příručky
Tags: Tag hinzufügen
Keine Tags, Fügen Sie das erste Tag hinzu!

MARC

LEADER 00000nam a2200000 4500
001 c035342
005 20221219103142.3
041 0 |a cze 
044 |a CZ 
245 1 0 |a Práce na elektrických zřízeních a jejích obsluha  |b Ověřování odborné způsobilosti  |c Jiří Sajner 
250 |a 1. vyd. 
264 1 |a Praha  |b Stát. nakl. techn. lit.  |c 1987 
300 |a 488 s. 
490 1 |a Praktické elektrotechnické příručky 
830 0 |a Praktické elektrotechnické příručky 
100 1 |a Sajner, Jiří